Planning the twentieth-century city : (Record no. 14181)

000 -LEADER
fixed length control field 01865cam a2200325 a 4500
005 - DATE AND TIME OF LATEST TRANSACTION
control field 20260324181709.0
008 - FIXED-LENGTH DATA ELEMENTS--GENERAL INFORMATION
fixed length control field 020711s2002 enkab 001 0 eng
010 ## - LIBRARY OF CONGRESS CONTROL NUMBER
LC control number 2002284325
020 ## - INTERNATIONAL STANDARD BOOK NUMBER
International Standard Book Number 0471490989
020 ## - INTERNATIONAL STANDARD BOOK NUMBER
International Standard Book Number 9780471490982
035 ## - SYSTEM CONTROL NUMBER
System control number 12850753
035 ## - SYSTEM CONTROL NUMBER
System control number (OCoLC)48531454
040 ## - CATALOGING SOURCE
Original cataloging agency UKM
Transcribing agency UKM
Modifying agency ABC
-- C#P
-- DLC
042 ## - AUTHENTICATION CODE
Authentication code lccopycat
082 00 - DEWEY DECIMAL CLASSIFICATION NUMBER
Classification number 307.1/216
Edition number 21
100 1# - MAIN ENTRY--PERSONAL NAME
Personal name Ward, Stephen V.
Fuller form of name (Stephen Victor)
245 10 - TITLE STATEMENT
Title Planning the twentieth-century city :
Remainder of title the advanced capitalist world /
Statement of responsibility, etc Stephen V. Ward.
260 ## - PUBLICATION, DISTRIBUTION, ETC. (IMPRINT)
Place of publication, distribution, etc Chichester :
Name of publisher, distributor, etc Wiley,
Date of publication, distribution, etc c2002.
300 ## - PHYSICAL DESCRIPTION
Extent x, 470 p. :
Other physical details ill., maps ;
Dimensions 25 cm.
504 ## - BIBLIOGRAPHY, ETC. NOTE
Bibliography, etc Includes bibliographic references (p. 409-444) and index.
505 0# - FORMATTED CONTENTS NOTE
Formatted contents note Introduction -- Nineteenth-century antecedents -- The emergence of modern planning -- War, reconstruction, and depression I: the major traditions -- War, reconstruction, and depression II: the other traditions -- Reconstruction and modernisation I: the major traditions -- Reconstruction and modernisation II: the other traditions -- The zenith of modernisation and beyond I: the major traditions -- The zenith of modernisation and beyond II: the other traditions -- Globalisation, competitiveness, and sustainability I: the major traditions -- Globalisation, competitiveness, and sustainability II: the other traditions -- Conclusions.
650 #0 - SUBJECT ADDED ENTRY--TOPICAL TERM
Topical term or geographic name as entry element City planning
General subdivision History
Chronological subdivision 20th century.
650 #0 - SUBJECT ADDED ENTRY--TOPICAL TERM
Topical term or geographic name as entry element City planning
Form subdivision Case studies.
650 #0 - SUBJECT ADDED ENTRY--TOPICAL TERM
Topical term or geographic name as entry element Urban policy
General subdivision History
Chronological subdivision 20th century.
655 #7 - INDEX TERM--GENRE/FORM
Genre/form data or focus term Case studies.
Source of term lcgft
856 42 - ELECTRONIC LOCATION AND ACCESS
Materials specified Contributor biographical information
Uniform Resource Identifier <a href="http://www.loc.gov/catdir/bios/wiley042/2002284325.html">http://www.loc.gov/catdir/bios/wiley042/2002284325.html</a>
856 42 - ELECTRONIC LOCATION AND ACCESS
Materials specified Publisher description
Uniform Resource Identifier <a href="http://www.loc.gov/catdir/description/wiley034/2002284325.html">http://www.loc.gov/catdir/description/wiley034/2002284325.html</a>
856 41 - ELECTRONIC LOCATION AND ACCESS
Materials specified Table of contents
Uniform Resource Identifier <a href="http://www.loc.gov/catdir/toc/wiley024/2002284325.html">http://www.loc.gov/catdir/toc/wiley024/2002284325.html</a>
942 ## - ADDED ENTRY ELEMENTS (KOHA)
Source of classification or shelving scheme
Holdings
Withdrawn status Lost status Source of classification or shelving scheme Damaged status Koha normalized classification for sorting Not for loan Permanent location Current location Shelving location Date acquired Full call number Barcode Date last seen Price effective from Koha item type
        307_100000000000000_216   BMS College of Architecture, Design and Planning BMS College of Architecture, Design and Planning General Stacks 2025-12-03 307.1/216 AR-UG5021 2026-02-10 2026-02-10 B.PLAN
Copyright © 2025, The Librarian, Library and Information Centre, BMSCA D&P, Bengaluru. All Rights Reserved
web counter

Powered by Koha